000 00552nam a2200193Ia 4500
005 20250326124022.0
008 250326s9999 xx 000 0 und d
037 _aTextbook
040 _aFMSL
_beng
_cFMSL
041 _aeng
_2eng
084 _aXogB L3
_qFMSL
100 _aArchibald G C
245 0 _aIntroduction to mathematical treatment of economics
_cArchibald G C; Lipsey R G
250 _a2
260 _aLondon
_bLondon, Weidenfeld and Nicolson
_c1973
300 _a506p
942 _cTB
_hXogB L3
999 _c1271919
_d1271919